[Event "IECG CN.2003.0.00317 email"]
[Site "IECG email"]
[Date "2003.01.07"]
[Round "?"]
[White "Venturas, Bob"]
[Black "Bellsola, Magda"]
[Result "0-1"]
[WhiteElo "700"]
[BlackElo "800"]
[PlyCount "32"]
[EventDate "2003.01.07"]
[EventType "tourn (corr)"]
[EventRounds "6"]
[SourceTitle "Corr 2008"]
[Source "ChessBase"]
[SourceDate "2008.06.24"]
[SourceVersion "1"]
[SourceVersionDate "2008.06.24"]
[SourceQuality "1"]

1. e4 c5 2. d4 cxd4 3. Qxd4 Nc6 4. Qc3 e6 5. a3 Nf6 6. Bg5 Nxe4 7. Qe3 Qxg5 8. Qxe4 Qc1+ 9. Ke2 Qxb2 10. g3 Qxa1 11. c4 Qe5 12. Bg2 Bc5 13. Nh3 Qb2+ 14. Nd2 Nd4+ 15. Kd3 Qc2+ 16. Ke3 Nb3+ 0-1